Standard Liège Best Scorer By Year - Statistics

General Stats
  • This quiz has been taken 89 times
    12 since last reset
  • The average score is 15 of 59
Answer Stats
Player % Correct
Michy Batshuayi
67%
Émile Mpenza
50%
Marc Wilmots
50%
Mbo Mpenza
50%
Milan Jovanović
50%
Milan Jovanović
50%
Roger Claessen
50%
Ali Lukunku
42%
Andi Zeqiri
42%
Mehdi Carcela
42%
Mohamed Tchité
42%
Orlando Sá
42%
Renaud Emond
42%
Denis Drăguș
33%
Dieumerci Mbokani
33%
Edmilson Junior
33%
Geoffrey Mujangi Bia
33%
Imoh Ezekiel
33%
Ivan Santini
33%
Ole Martin Årst
33%
Philip Zinckernagel
33%
Simon Tahamata
33%
Wilfried Kanga
33%
Alexandre Czerniatynski
25%
Joseph Givard
25%
Maxime Lestienne
25%
Ralf Edström
25%
Sambégou Bangoura
25%
Alfred Riedl
17%
Ásgeir Sigurvinsson
17%
Aurelio Vidmar
17%
Bernd Thijs
17%
Denis Houf
17%
Guy Thys
17%
Guy Vandersmissen
17%
Henk Vos
17%
Horst Hrubesch
17%
István Sztáni
17%
Jean Jadot
17%
Jean Mathonet
17%
Jean Mathonet
17%
Milan Galić
17%
Philippe Garot
17%
Selim Amallah
17%
Silvester Takač
17%
André Piters
8%
Antal Nagy
8%
Axel Lawarée
8%
Benny Wendt
8%
Džemaludin Mušović
8%
Eddy Voordeckers
8%
Erwin Kostedde
8%
Harald Nickel
8%
Josip Bukal
8%
Karel Mallants
8%
Miklos Molnar
8%
Roger Raeven
8%
Ronny Rosenthal
8%
Srebrenko Repčić
8%
No matching quizzes found
Score Distribution
Percent of People with Each Score
Percentile by Number Answered
Your Score History
You have not taken this quiz since the last reset